|
|
|
แสดงรายละเอียดบรรณานุกรม |
|
|
Brief Record
: Get Marc (ISO 2709)
: E-mail record
: |
|
|
| LEADER 00000nam 2200000uu 4500 | |||
| 001 54325 | |||
| 003 ULIBM | |||
| 008 231128s||||||||th 000 0 tha d | |||
| 020 ^a9786165432504 | |||
| 082 0 ^a791.43^bส - ช | |||
| 100 0 ^a | |||
| 110 0 ^aสถาบันหนังไทย หอภาพยนตร์(องค์การมหาชน) | |||
| 245 00 ^aชั้นครู เป็นเอก รัตนเรือง ล.3/^cสถาบันหนังไทย หอภาพยนตร์(องค์การมหาชน) | |||
| 250 ^aพิมพ์ครั้งที่ 1 | |||
| 260 ^aกรุงเทพฯ:^bอมรินทร์พริ้นติ้งแอนพับลิชชิ่ง,^c2557 | |||
| 300 ^aชุด5 เล่ม:^bภาพประกอบ | |||
| 650 0 ^aการผลิตและการกำกับภาพยนตร์ | |||
| 650 0 ^aภาพยนตร์ | |||
| 650 0 ^aผู้กำกับภาพยนตร์ | |||
| 999 ^ananthaya | |||
| คุณยังไม่ได้ล็อกอิน คุณสามารถมีกิจกรรมร่วมกับเว็บไซต์ได้ แต่ต้องล็อกอินก่อน :: |
|
| สถานะ | |||||||||
| 1. | หนังสือ | 791.43 ส - ช Barcode: 084173 | ►หนังสือทั่วไป | On Shelf ขอยืม | |||||
| [แสดง 1/1 รายการ] | |||||||||

BibComment |
| คอมเมนท์ทรัพยากรรายการนี้ |
|
|
ห้องสมุดโรงเรียนสามัคคีวิทยาคม
159 ถ.บรรพปราการ ต.เวียง อ.เมือง จ.เชียงราย 57000
โทร. 053-711018 โทรสาร 053-713003